Pattabakki/ (Record no. 146004)

000 -LEADER
fixed length control field 00321nam a22001457a 4500
082 ## - DEWEY DECIMAL CLASSIFICATION NUMBER
Classification number M2
Item number DAM/P
100 ## - MAIN ENTRY--AUTHOR NAME
Personal name Damodaran
245 ## - TITLE STATEMENT
Title Pattabakki/
Statement of responsibility, etc by Damodaran.
260 ## - PUBLICATION, DISTRIBUTION, ETC. (IMPRINT)
Place of publication
Name of publisher
Year of publication
300 ## - PHYSICAL DESCRIPTION
Number of Pages
650 ## - SUBJECT ADDED ENTRY--TOPICAL TERM
Topical Term Drama Literature Malayalam
650 ## - SUBJECT ADDED ENTRY--TOPICAL TERM
Topical Term Literature Malayalam
650 ## - SUBJECT ADDED ENTRY--TOPICAL TERM
Topical Term Literature
942 ## - ADDED ENTRY ELEMENTS (KOHA)
Koha item type Book
Holdings
Withdrawn status Lost status Damaged status Not for loan Permanent Location Current Location Shelving location Date acquired Full call number Accession Number Price effective from Koha item type
        Sree Sankaracharya University of Sanskrit Sree Sankaracharya University of Sanskrit Stacks 24.02.2021 M2 DAM/P 096898 24.02.2021 Book